[Event "It (open)"]
[Site "Senta (Serbia)"]
[Date "2007.07.26"]
[Round "7"]
[White "Weinzettl Ernst (AUT)"]
[Black "Brenjo Slavisa (SCG)"]
[Result "0-1"]
[WhiteElo "2328"]
[BlackElo "2485"]
[PlyCount "62"]
[EventDate "2007.??.??"]
[Source "www.chesslib.no"]
[SourceDate "2004.05.04"]

1. e4 e5 2. Nf3 Nc6 3. Bb5 a6 4. Ba4 Nf6 5. Nc3 Bb4 6. Nd5 Bc5 7. O-O b5 8. Bb3 O-O 9. d4 exd4 10. Bg5 Re8 11. e5 Nxe5 12. Nxe5 Rxe5 13. Bxf6 gxf6 14. f4 Re6 15. Qg4+ Kh8 16. f5 Rd6 17. Rf3 Bb7 18. Rg3 Qf8 19. Nf4 d3+ 20. Kf1 Rd4 21. c3 Rxf4+ 22. Qxf4 Bd6 23. Qh4 Bxg3 24. hxg3 Re8 25. Qxf6+ Qg7 26. Qd4 Qxd4 27. cxd4 Re2 28. d5 Kg7 29. Rd1 Rxb2 30. Rxd3 a5 31. g4 h6 0-1

[Event "Naujac sur Mer"]
[Site "Naujac sur Mer"]
[Date "2000.??.??"]
[Round "1"]
[White "Bierenbroodspot, Paul"]
[Black "Kosten, Anthony C"]
[Result "0-1"]
[WhiteElo "2280"]
[BlackElo "2511"]
[PlyCount "54"]
[EventDate "2000.??.??"]
[Source "www.chesslib.no"]
[SourceDate "2004.05.04"]

1. e4 e5 2. Nf3 Nc6 3. Bb5 a6 4. Ba4 Nf6 5. Nc3 b5 6. Bb3 Bc5 7. Bd5 O-O 8. O-O Re8 9. d3 Nxd5 10. Nxd5 d6 11. c3 Bb7 12. a4 Ne7 13. Ne3 Ng6 14. Nf5 d5 15. Qc2 Qd7 16. Be3 Bf8 17. Ng3 c5 18. Rfe1 Bc6 19. a5 Rad8 20. c4 bxc4 21. dxc4 dxe4 22. Red1 Qc8 23. Rxd8 Rxd8 24. Nxe4 f5 25. Nc3 f4 26. Bd2 Bxf3 27. gxf3 Qh3 0-1

[Event "IND-ch"]
[Site "New Delhi"]
[Date "2001.06.05"]
[Round "8"]
[White "Sahu, Sekhar Chandra"]
[Black "Ganguly, Surya Shekhar"]
[Result "0-1"]
[WhiteElo "2325"]
[BlackElo "2456"]
[PlyCount "62"]
[EventDate "2001.06.02"]
[Source "ChessBase"]
[SourceDate "2001.07.03"]

1. e4 e5 2. Nf3 Nc6 3. Bb5 a6 4. Ba4 Nf6 5. Nc3 Bc5 6. Nxe5 Nxe5 7. d4 Bb4 8. dxe5 Nxe4 9. O-O Nxc3 10. bxc3 Bxc3 11. Rb1 O-O 12. Ba3 Re8 13. f4 b5 14. Bb3 Bb7 15. Qh5 d5 16. Bc5 Qd7 17. Rf3 d4 18. Rh3 Be4 19. Rg3 Bg6 20. Rxg6 hxg6 21. Qxg6 d3 22. cxd3 Bd4+ 23. Kh1 Bxc5 24. f5 Rxe5 25. f6 Bf8 26. Rf1 Re6 27. Qg3 g6 28. h4 Bd6 29. Qg5 Kh7 30. d4 Re4 31. Bd1 Qf5 0-1

[Event "XVII Festival"]
[Site "Abu Dhabi EAU"]
[Date "2007.08.16"]
[Round "5"]
[White "Sergeeva, M."]
[Black "Sundararajan, K."]
[Result "1/2-1/2"]
[WhiteElo "2328"]
[BlackElo "2443"]
[PlyCount "74"]
[EventDate "2007.08.12"]
[Source "www.chesslib.no"]
[SourceDate "2004.05.04"]

1. e4 e5 2. Nf3 Nc6 3. Bb5 a6 4. Ba4 Nf6 5. Nc3 b5 6. Bb3 Be7 7. a4 b4 8. Nd5 d6 9. O-O Bg4 10. h3 Bxf3 11. Qxf3 Nd4 12. Nxf6+ Bxf6 13. Qd3 O-O 14. Bc4 c6 15. c3 Ne6 16. Bxe6 fxe6 17. Qc4 Qd7 18. Qxb4 d5 19. d3 Rab8 20. Qc5 Rb3 21. Qe3 Rfb8 22. Qg3 Qe7 23. f4 exf4 24. Qxf4 h6 25. Qg4 Kh7 26. exd5 exd5 27. Qf5+ Kg8 28. d4 Bg5 29. Bxg5 Qxg5 30. Qe6+ Kh7 31. Rf5 Qg6 32. Qxg6+ Kxg6 33. Re5 Rxb2 34. Re6+ Kh7 35. Rf1 Ra2 36. Rf3 Rxa4 37. Rxc6 Rb7 1/2-1/2

[Event "LVI ch-POR"]
[Site "?"]
[Date "2000.09.09"]
[Round "8"]
[White "Damaso Rui"]
[Black "Santos Carlos P"]
[Result "1/2-1/2"]
[WhiteElo "2386"]
[BlackElo "2385"]
[PlyCount "95"]
[EventDate "2000.??.??"]
[Source "www.chesslib.no"]
[SourceDate "2004.05.04"]

1. e4 e5 2. Nf3 Nc6 3. Bb5 a6 4. Ba4 Nf6 5. Nc3 b5 6. Bb3 d6 7. Ng5 d5 8. Nxd5 Nd4 9. Ne3 Nxb3 10. axb3 h6 11. Nf3 Nxe4 12. Nxe5 Qf6 13. N5g4 Qe6 14. d4 Bb4+ 15. c3 Nxc3 16. bxc3 Bxc3+ 17. Bd2 Bxa1 18. Qxa1 Qxb3 19. Ne5 O-O 20. O-O Be6 21. d5 Bxd5 22. Nd7 Be6 23. Nxf8 Kxf8 24. Bc3 f6 25. Bxf6 gxf6 26. Qxf6+ Kg8 27. Qg6+ Kh8 28. Qxh6+ Kg8 29. Qg6+ Kf8 30. Rc1 Rd8 31. Qf6+ Ke8 32. h4 Rd7 33. Rc6 Re7 34. Rxa6 Qb1+ 35. Kh2 Qe4 36. Ra8+ Kd7 37. Qh8 Kc6 38. Ra6+ Kd7 39. Ra8 Kc6 40. Ra1 Bg8 41. Rc1+ Bc4 42. Qa8+ Kb6 43. Nxc4+ bxc4 44. Rb1+ Kc5 45. Qa5+ Kc6 46. Qa8+ Kc5 47. Qa5+ Kc6 48. Qa8+ 1/2-1/2

[Event "Mar del Plata Open"]
[Site "Mar del Plata ARG"]
[Date "1990.??.??"]
[Round "?"]
[White "Trincado, Juan Fernando"]
[Black "Servat, Roberto"]
[Result "1/2-1/2"]
[WhiteElo "2300"]
[BlackElo "2455"]
[PlyCount "84"]
[EventDate "1990.??.??"]
[Source "www.chesslib.no"]
[SourceDate "2004.05.04"]

1. e4 e5 2. Nf3 Nc6 3. Bb5 a6 4. Ba4 Nf6 5. Nc3 b5 6. Bb3 Be7 7. d3 d6 8. Nd5 Na5 9. Nxe7 Qxe7 10. O-O O-O 11. Qe2 Nxb3 12. axb3 Nd7 13. Bg5 f6 14. Be3 f5 15. exf5 Rxf5 16. Nd2 Bb7 17. Ne4 Re8 18. Rae1 Rff8 19. c4 c5 20. Bd2 b4 21. Qg4 Qe6 22. Qg3 Nf6 23. Qh4 h6 24. f3 Rf7 25. Re2 Ref8 26. Rfe1 Ne8 27. Qd8 Qg6 28. Kh1 Nc7 29. Qh4 Ne6 30. Be3 Nf4 31. Bxf4 Rxf4 32. Qe7 R4f7 33. Qh4 Qe6 34. Qg3 Rf4 35. Kg1 Kh7 36. Rf1 g5 37. h3 Kg6 38. Rfe1 Kf7 39. Qf2 Kg7 40. Qg3 R8f7 41. Rf1 Qg6 42. Rfe1 Qe6 1/2-1/2

[Event "Salamanca"]
[Site "Salamanca"]
[Date "1989.??.??"]
[Round "?"]
[White "Sion Castro, Marcelino"]
[Black "Garcia, Gildardo"]
[Result "0-1"]
[WhiteElo "2315"]
[BlackElo "2430"]
[PlyCount "72"]
[EventDate "1989.04.??"]
[Source "ChessBase"]

1. e4 e5 2. Nf3 Nc6 3. Bb5 a6 4. Ba4 Nf6 5. Nc3 b5 6. Bb3 Be7 7. d3 d6 8. Nd5 Na5 9. Nxe7 Qxe7 10. O-O Nxb3 11. axb3 O-O 12. Qe2 c5 13. Bd2 Nh5 14. b4 cxb4 15. Bxb4 Nf4 16. Qe3 f5 17. d4 fxe4 18. Qxe4 Bb7 19. Bxd6 Qf7 20. Nxe5 Bxe4 21. Nxf7 Rxf7 22. Bxf4 Rxf4 23. c3 Bd3 24. Rfe1 Re4 25. Rxe4 Bxe4 26. f3 Bd3 27. Kf2 Re8 28. Rxa6 Re2+ 29. Kg3 Rxb2 30. Ra7 Bc4 31. Rd7 Rd2 32. Kf4 Rxg2 33. d5 Rxh2 34. d6 Rd2 35. Ke5 h5 36. Kf5 Bf7 0-1

[Event "Subotica Palic"]
[Site "Subotica YUG"]
[Date "1992.??.??"]
[Round "?"]
[White "Knezevic, Bojan"]
[Black "Knezevic, Milorad"]
[Result "1/2-1/2"]
[WhiteElo "2370"]
[BlackElo "2375"]
[PlyCount "20"]
[EventDate "1992.??.??"]
[Source "www.chesslib.no"]
[SourceDate "2004.05.04"]

1. e4 e5 2. Nf3 Nc6 3. Bb5 a6 4. Ba4 Nf6 5. Nc3 b5 6. Bb3 Be7 7. Nd5 O-O 8. d3 d6 9. c3 Nxd5 10. Bxd5 Bd7 1/2-1/2

[Event "Budapest FS08 IM"]
[Site "Budapest HUN"]
[Date "1994.??.??"]
[Round "11"]
[White "Hetey, Laszlo"]
[Black "Petran, Pal"]
[Result "1/2-1/2"]
[WhiteElo "2265"]
[BlackElo "2475"]
[PlyCount "91"]
[EventDate "1994.08.??"]
[Source "www.chesslib.no"]
[SourceDate "2004.05.04"]

1. e4 e5 2. Nf3 Nc6 3. Bb5 a6 4. Ba4 Nf6 5. Nc3 b5 6. Bb3 Be7 7. O-O d6 8. h3 O-O 9. Re1 Na5 10. d3 Bb7 11. Bg5 Nxb3 12. axb3 c5 13. Nh2 h6 14. Bxf6 Bxf6 15. Ng4 Bg5 16. Ne3 g6 17. g3 f5 18. Ned5 b4 19. Nb1 f4 20. Nd2 fxg3 21. fxg3 Qd7 22. Kg2 Rae8 23. Ne3 Rf7 24. Qe2 Ref8 25. Rf1 Bc8 26. Ng4 h5 27. Rxf7 Rxf7 28. Nf2 Kg7 29. Nc4 Qe6 30. Nb6 Bb7 31. Rf1 h4 32. Qg4 Qe7 33. Nd1 Rxf1 34. Kxf1 Qd8 35. gxh4 Bxh4 36. Ne3 Kh7 37. Ke2 Bc6 38. Ned5 Bg5 39. Qe6 Qf8 40. Nd7 Bxd7 41. Qxd7+ Kh6 42. Qg4 Qd8 43. Qf3 Kg7 44. Qg4 Kh6 45. Qf3 Kg7 46. Qg4 1/2-1/2

[Event "Mar del Plata Open"]
[Site "Mar del Plata ARG"]
[Date "1990.??.??"]
[Round "?"]
[White "Trincado, Juan Fernando"]
[Black "Sorin, Ariel"]
[Result "1-0"]
[WhiteElo "2300"]
[BlackElo "2430"]
[PlyCount "93"]
[EventDate "1990.??.??"]
[Source "www.chesslib.no"]
[SourceDate "2004.05.04"]

1. e4 e5 2. Nf3 Nc6 3. Bb5 a6 4. Ba4 Nf6 5. Nc3 b5 6. Bb3 Be7 7. d3 d6 8. Nd5 Na5 9. Nxe7 Qxe7 10. O-O O-O 11. Bd2 Nxb3 12. axb3 Ne8 13. Re1 f5 14. exf5 Bb7 15. Bg5 Qf7 16. Nd2 Qxf5 17. Be3 Rf6 18. Ne4 Rg6 19. f3 Nf6 20. Qe2 Nh5 21. Qf2 Nf4 22. Bxf4 Qxf4 23. Re2 Rf8 24. Rf1 c5 25. Qe1 b4 26. Qd2 Qh4 27. Qe1 Qh5 28. Ng3 Qg5 29. Ne4 Qf4 30. Qd2 Qf5 31. Qe1 Qd7 32. Qd2 Rf4 33. Qe3 Rh6 34. Ref2 Rfh4 35. g3 Rg6 36. Kh1 Rh5 37. Kg1 Rf5 38. f4 h6 39. fxe5 Rxe5 40. Rf8+ Kh7 41. R1f7 Qc6 42. Qf4 Rxe4 43. Rxg7+ Rxg7 44. Qf5+ Rg6 45. Rf7+ Kh8 46. Qxg6 Re1+ 47. Kf2 1-0

[Event "Club Argentino"]
[Site "Buenos Aires"]
[Date "1977.??.??"]
[Round "2"]
[White "Seidler, Aldo"]
[Black "Amado, Claudio"]
[Result "1-0"]
[WhiteElo "2415"]
[BlackElo "2310"]
[PlyCount "66"]
[EventDate "1977.??.??"]
[Source "ChessBase"]

1. e4 e5 2. Nf3 Nc6 3. Bb5 a6 4. Ba4 Nf6 5. Nc3 Be7 6. d3 b5 7. Bb3 d6 8. h3 Na5 9. O-O O-O 10. Bd2 Nxb3 11. axb3 Bb7 12. Re1 Nd7 13. Nd5 f5 14. c4 Nc5 15. Bb4 fxe4 16. dxe4 Ne6 17. Qd3 Kh8 18. Re3 Bg5 19. Nxg5 Qxg5 20. Rg3 Qd8 21. Qd1 Bxd5 22. cxd5 Nf4 23. Bd2 Qf6 24. b4 Rf7 25. Bxf4 exf4 26. Rc3 h6 27. f3 Qg5 28. Rc6 Rf6 29. Qd2 Kh7 30. Rxc7 Rg6 31. Qf2 Re8 32. Rxa6 Re5 33. Ra8 Qh5 1-0

[Event "JUG-chT"]
[Site "Niksic"]
[Date "1996.??.??"]
[Round "?"]
[White "Smolovic, Mile"]
[Black "Nikac, Predrag"]
[Result "0-1"]
[WhiteElo "2350"]
[BlackElo "2375"]
[PlyCount "66"]
[EventDate "1996.??.??"]
[Source "www.chesslib.no"]
[SourceDate "2004.05.04"]

1. e4 e5 2. Nf3 Nc6 3. Bb5 a6 4. Ba4 Nf6 5. Nc3 d6 6. Bxc6+ bxc6 7. d4 exd4 8. Nxd4 Bd7 9. O-O Be7 10. b3 O-O 11. Bb2 Re8 12. Qd3 Bf8 13. Rae1 a5 14. a4 Rb8 15. f4 c5 16. Ndb5 Be6 17. Nd5 Nxd5 18. exd5 Bd7 19. Rxe8 Bxe8 20. c4 c6 21. dxc6 Bxc6 22. Rd1 Qh4 23. Qg3 Qh5 24. Rxd6 Re8 25. Bc3 g6 26. Rd2 Qf5 27. h3 Qb1+ 28. Kh2 Re1 29. Qf2 Rh1+ 30. Kg3 Rg1 31. Na3 Qxb3 32. Qe3 Rc1 33. Rd3 Qa2 0-1

[Event "Beersheba"]
[Site "Beersheba"]
[Date "1998.??.??"]
[Round "1"]
[White "Maryasin, Boris"]
[Black "Grinshpun, Eduard"]
[Result "1-0"]
[WhiteElo "2350"]
[BlackElo "2370"]
[PlyCount "83"]
[EventDate "1998.??.??"]
[Source "www.chesslib.no"]
[SourceDate "2004.05.04"]

1. e4 e5 2. Nf3 Nc6 3. Bb5 a6 4. Ba4 Nf6 5. Nc3 b5 6. Bb3 Be7 7. d3 d6 8. a4 b4 9. Nd5 Rb8 10. O-O Na5 11. Ba2 c5 12. Ne3 O-O 13. Nd2 Be6 14. Ndc4 Nc6 15. f4 exf4 16. Rxf4 d5 17. exd5 Nxd5 18. Rf2 Bh4 19. Rf1 Bf6 20. Nf5 Nd4 21. Ng3 b3 22. Bxb3 Nxb3 23. cxb3 Nb4 24. Ne4 Bd4+ 25. Kh1 Qd5 26. Bf4 Rb7 27. Qf3 Nc6 28. Qg3 Rxb3 29. Bd6 Rd8 30. Rae1 Kh8 31. Qh4 h6 32. Na5 Rxd3 33. Nxc6 Rxd6 34. Nxd6 Qxd6 35. Qd8+ Qxd8 36. Nxd8 Bxb2 37. Nxe6 fxe6 38. Rxe6 c4 39. Rxa6 c3 40. Rc6 Rd4 41. a5 Ra4 42. a6 1-0

[Event "BCF Ch"]
[Site "Southport ENG"]
[Date "1983.??.??"]
[Round "9"]
[White "Littlewood, John E"]
[Black "Hawksworth, John C"]
[Result "1-0"]
[WhiteElo "2380"]
[BlackElo "2325"]
[PlyCount "75"]
[EventDate "1983.08.??"]
[Source "www.chesslib.no"]
[SourceDate "2004.05.04"]

1. e4 e5 2. Nf3 Nc6 3. Bb5 a6 4. Ba4 Nf6 5. Nc3 d6 6. Bxc6+ bxc6 7. d4 exd4 8. Nxd4 Bd7 9. Qf3 c5 10. Nf5 Bxf5 11. Qxf5 Be7 12. b3 Nd7 13. Bb2 Bf6 14. O-O O-O 15. Rad1 Nb6 16. f4 Bd4+ 17. Kh1 Qc8 18. Qh5 f5 19. Rde1 Qd7 20. e5 dxe5 21. fxe5 Rae8 22. Nd1 g6 23. Qf3 c4 24. e6 Qd6 25. Bxd4 Qxd4 26. Nc3 cxb3 27. axb3 Qd6 28. Qe2 Qc6 29. Qe5 Re7 30. b4 Rfe8 31. Qc5 Qd6 32. g4 Rxe6 33. Rxe6 Rxe6 34. gxf5 Re5 35. Qxd6 cxd6 36. fxg6 hxg6 37. Rf6 Re1+ 38. Kg2 1-0

[Event "It (Men) Marianske Lazne CZE"]
[Site "?"]
[Date "2005.01.23"]
[Round "2"]
[White "Sergeeva Maria"]
[Black "Czerwonski Aleksander"]
[Result "1-0"]
[WhiteElo "2312"]
[BlackElo "2390"]
[PlyCount "83"]
[EventDate "2005.??.??"]
[Source "www.chesslib.no"]
[SourceDate "2004.05.04"]

1. e4 e5 2. Nf3 Nc6 3. Bb5 a6 4. Ba4 Nf6 5. Nc3 b5 6. Bb3 Be7 7. a4 b4 8. Nd5 Nxe4 9. d4 Na5 10. Ba2 Bb7 11. dxe5 b3 12. cxb3 Bxd5 13. Qxd5 Bb4+ 14. Kf1 Nc5 15. Bd2 c6 16. Qd4 Bxd2 17. Nxd2 Ne6 18. Qc3 c5 19. Ne4 O-O 20. g3 Qb6 21. Kg2 Rab8 22. Rhd1 Qb7 23. f3 Nxb3 24. Rab1 Rfd8 25. Rd3 Nbd4 26. Nxc5 Nxc5 27. Qxc5 Ne6 28. Qd6 Rdc8 29. Rd2 Rc6 30. Qd3 Qc7 31. Bd5 Rcb6 32. f4 a5 33. Rc2 Qd8 34. b3 Rb4 35. Rd1 Qb6 36. Bc4 g6 37. Qd5 Kg7 38. Qf3 Nd4 39. Qd5 Nxc2 40. Qxf7+ Kh6 41. Rxd7 Ne3+ 42. Kh3 1-0

[Event "Buenos Aires TB"]
[Site "Buenos Aires ARG"]
[Date "1989.??.??"]
[Round "?"]
[White "Cortes Moyano, Julio"]
[Black "Sorin, Ariel"]
[Result "0-1"]
[WhiteElo "2285"]
[BlackElo "2410"]
[PlyCount "66"]
[EventDate "1989.??.??"]
[Source "www.chesslib.no"]
[SourceDate "2004.05.04"]

1. e4 e5 2. Nf3 Nc6 3. Bb5 a6 4. Ba4 Nf6 5. Nc3 b5 6. Bb3 Be7 7. d3 d6 8. Nd5 Na5 9. Nxe7 Qxe7 10. Bd2 Nxb3 11. axb3 O-O 12. O-O Ne8 13. Ne1 f5 14. f3 f4 15. c3 Rf6 16. Kf2 d5 17. b4 dxe4 18. fxe4 Rh6 19. Nf3 Nf6 20. Kg1 g5 21. Nxg5 Rg6 22. Nf3 Kh8 23. Nh4 Rg7 24. Qe1 Bd7 25. d4 Rag8 26. dxe5 Nh5 27. Kh1 Rg4 28. Nf5 Bxf5 29. exf5 Rxg2 30. Bxf4 Nxf4 31. Rxf4 Qg5 32. Rf2 Qg4 33. e6 Rxf2 0-1

[Event "40th WGM"]
[Site "Belgrade SCG"]
[Date "2008.03.07"]
[Round "5"]
[White "Petrenko, S."]
[Black "Foisor, C."]
[Result "1/2-1/2"]
[WhiteElo "2282"]
[BlackElo "2412"]
[PlyCount "70"]
[EventDate "2008.03.03"]
[Source "www.chesslib.no"]
[SourceDate "2004.05.04"]

1. e4 e5 2. Nf3 Nc6 3. Bb5 a6 4. Ba4 Nf6 5. Nc3 b5 6. Bb3 Be7 7. O-O O-O 8. d3 d6 9. Nd5 Na5 10. Nxe7+ Qxe7 11. Bg5 Nxb3 12. axb3 h6 13. Bh4 Bg4 14. h3 Bxf3 15. Qxf3 g5 16. Bg3 a5 17. Rae1 c5 18. h4 Qe6 19. c3 Nh7 20. Qd1 a4 21. bxa4 Rxa4 22. hxg5 hxg5 23. Re3 Rfa8 24. Ree1 Nf8 25. f3 Ng6 26. Qd2 Qf6 27. Bf2 Nf4 28. g3 Qg6 29. Be3 Kg7 30. Kf2 Rh8 31. Rh1 Nh3+ 32. Kg2 Nf4+ 33. Kf2 Nh3+ 34. Kg2 Nf4+ 35. Kf2 Nh3+ 1/2-1/2

[Event "Santiago Open"]
[Site "Santiago CHI"]
[Date "1995.??.??"]
[Round "?"]
[White "Damaso, Rui"]
[Black "Suarez Pousa, Diego"]
[Result "0-1"]
[WhiteElo "2415"]
[BlackElo "2265"]
[PlyCount "68"]
[EventDate "1995.??.??"]
[Source "www.chesslib.no"]
[SourceDate "2004.05.04"]

1. e4 e5 2. Nf3 Nc6 3. Bb5 a6 4. Ba4 Nf6 5. Nc3 b5 6. Bb3 Bc5 7. d3 h6 8. a4 b4 9. Nd5 Na5 10. Ba2 d6 11. c3 Nxd5 12. exd5 Bg4 13. Bd2 Rb8 14. Be3 Bxe3 15. fxe3 bxc3 16. bxc3 Bxf3 17. Qxf3 Qh4+ 18. g3 Qxa4 19. O-O Qd7 20. d4 O-O 21. dxe5 dxe5 22. Qe4 Nb3 23. Rad1 Nc5 24. Qxe5 Rb2 25. Bb1 Qh3 26. Rf2 Rxf2 27. Kxf2 Qxh2+ 28. Kf1 Qh1+ 29. Ke2 Qg2+ 30. Ke1 Qg1+ 31. Ke2 Qg2+ 32. Ke1 Rb8 33. c4 Qg1+ 34. Ke2 Rb2+ 0-1

[Event "NRW-Liga I 9899"]
[Site "GER"]
[Date "1999.01.20"]
[Round "5"]
[White "Baumhus, Reinhard"]
[Black "Koch, Thomas"]
[Result "1/2-1/2"]
[WhiteElo "2330"]
[BlackElo "2345"]
[PlyCount "40"]
[EventDate "1998.??.??"]
[Source "www.chesslib.no"]
[SourceDate "2004.05.04"]

1. e4 e5 2. Nf3 Nc6 3. Bb5 a6 4. Ba4 Nf6 5. Nc3 b5 6. Bb3 Be7 7. d3 d6 8. a4 b4 9. Nd5 Na5 10. Nxb4 Rb8 11. Bd2 c5 12. Na2 Nxb3 13. cxb3 Be6 14. b4 Bxa2 15. Rxa2 cxb4 16. a5 O-O 17. O-O Rb5 18. Ra4 Qb8 19. Qe1 b3 20. Bc3 Rc8 1/2-1/2

[Event "It"]
[Site "Havana CUB"]
[Date "1994.??.??"]
[Round "1"]
[White "Damaso, Rui"]
[Black "Benzanilla Alexis"]
[Result "1-0"]
[WhiteElo "2435"]
[BlackElo "2240"]
[PlyCount "75"]
[EventDate "1994.??.??"]
[Source "www.chesslib.no"]
[SourceDate "2004.05.04"]

1. e4 e5 2. Nf3 Nc6 3. Bb5 a6 4. Ba4 Nf6 5. Nc3 b5 6. Bb3 Be7 7. a4 Rb8 8. axb5 axb5 9. Nd5 O-O 10. d3 d6 11. c3 Nd7 12. Be3 Bf6 13. O-O Ne7 14. Ba7 Rb7 15. Nxe7+ Qxe7 16. Bd5 c6 17. Bxc6 Rc7 18. Bxb5 Nc5 19. Bxc5 Rxc5 20. Bc4 Bg4 21. h3 Bh5 22. Qe2 Rfc8 23. Qe3 h6 24. Ra6 Bg6 25. Rfa1 Qb7 26. b4 Rxc4 27. dxc4 Rxc4 28. Nd2 Bg5 29. Qd3 Rc8 30. Rxd6 Bxd2 31. Qxd2 Qxe4 32. Rd8+ Rxd8 33. Qxd8+ Kh7 34. Ra8 Qe1+ 35. Kh2 Be4 36. Qh8+ Kg6 37. Rg8 Kg5 38. Qxg7+ 1-0

[Event "ROM-chT"]
[Site "Eforie Nord"]
[Date "1997.??.??"]
[Round "?"]
[White "Bach, Alfons"]
[Black "Vajda, Albert"]
[Result "0-1"]
[WhiteElo "2265"]
[BlackElo "2405"]
[PlyCount "80"]
[EventDate "1997.09.??"]
[Source "www.chesslib.no"]
[SourceDate "2004.05.04"]

1. e4 e5 2. Nf3 Nc6 3. Bb5 a6 4. Ba4 Nf6 5. Nc3 b5 6. Bb3 Bc5 7. d3 h6 8. a4 Rb8 9. axb5 axb5 10. Nd5 O-O 11. Be3 Bxe3 12. fxe3 d6 13. Nxf6+ Qxf6 14. O-O Qe7 15. Qe1 Be6 16. Ra6 Bxb3 17. cxb3 Nd8 18. Qg3 Qe6 19. Nd2 Qc8 20. Rfa1 Ne6 21. b4 Rb6 22. Ra7 Rc6 23. Nf3 Rc2 24. d4 Rxb2 25. dxe5 Rxb4 26. exd6 cxd6 27. Qxd6 Rxe4 28. Ne5 Qc3 29. Nd3 Rxe3 30. R7a3 Qd2 31. Rf1 b4 32. Rb3 Rd8 33. Qe7 Rdxd3 34. Rxb4 Ng5 35. Rb8+ Kh7 36. Qc5 Rd5 37. Qc8 Re1 38. Qg8+ Kg6 39. Rb6+ Kh5 40. g4+ Kh4 0-1

[Event "AUT-chT 9596"]
[Site "Austria"]
[Date "1996.??.??"]
[Round "?"]
[White "Petschar, Kurt"]
[Black "Donev, Ivo Hristov"]
[Result "0-1"]
[WhiteElo "2285"]
[BlackElo "2375"]
[PlyCount "122"]
[EventDate "1995.??.??"]
[Source "ChessBase"]

1. e4 e5 2. Nf3 Nc6 3. Bb5 a6 4. Ba4 Nf6 5. Nc3 b5 6. Bb3 Bc5 7. Nxe5 Nxe5 8. d4 Bxd4 9. Qxd4 d6 10. Bd5 Nxd5 11. Nxd5 O-O 12. O-O Bb7 13. Bf4 Ng6 14. Bd2 c5 15. Qd3 Ne5 16. Qg3 Bxd5 17. exd5 Qd7 18. Bf4 f6 19. Bxe5 fxe5 20. f4 e4 21. Rad1 Rae8 22. Qe3 Rf5 23. g4 Rf7 24. h3 g6 25. Kg2 Qe7 26. c3 Qf6 27. Rf2 Kg7 28. Rdf1 h6 29. Re1 Rfe7 30. Rd1 Rh8 31. Re1 Rhe8 32. Rd1 Rf8 33. Rdf1 Rb8 34. Rd1 b4 35. c4 a5 36. Re1 Ra8 37. f5 g5 38. Rh1 Kf7 39. Qg3 e3 40. Re2 Re4 41. b3 Rae8 42. Rhe1 Qe7 43. Kg1 Kg7 44. Kg2 Kf6 45. Kg1 a4 46. Kg2 a3 47. Kg1 h5 48. Kg2 h4 49. Qh2 Rf4 50. Rf1 Qe4+ 51. Kg1 Re5 52. Qg2 Rxf1+ 53. Qxf1 Qd4 54. Kg2 Re4 55. Qe1 Qe5 56. Kg1 Kf7 57. Kg2 Qf4 58. Kg1 Qf3 59. Qf1 Rf4 60. Qg2 Kf6 61. Kh2 Ke5 0-1

[Event "HUN-ch"]
[Site "HUN"]
[Date "1974.??.??"]
[Round "?"]
[White "Rajna, George"]
[Black "Perenyi, Bela"]
[Result "1-0"]
[WhiteElo "2405"]
[BlackElo "2255"]
[PlyCount "71"]
[EventDate "1974.??.??"]
[Source "ChessBase"]

1. e4 e5 2. Nf3 Nc6 3. Bb5 a6 4. Ba4 Nf6 5. Nc3 b5 6. Bb3 d6 7. Ng5 d5 8. Nxd5 Nd4 9. c3 Nxb3 10. Qxb3 Nxd5 11. Qxd5 Qxd5 12. exd5 Bb7 13. O-O Bxd5 14. Re1 f6 15. d4 O-O-O 16. Nh3 exd4 17. cxd4 Bb4 18. Rd1 g5 19. f4 h6 20. Nf2 Bb7 21. Ng4 Rd6 22. fxg5 fxg5 23. Be3 Re8 24. Ne5 c5 25. Rac1 Kb8 26. Bf2 c4 27. Bg3 Ka8 28. a3 Ba5 29. Nxc4 bxc4 30. Bxd6 Re2 31. d5 Bb6+ 32. Kh1 Rxb2 33. h3 Rb5 34. Rxc4 Bxd5 35. Rb4 Rxb4 36. Bxb4 1-0

[Event "Zuerich Open"]
[Site "Zurich SUI"]
[Date "1988.??.??"]
[Round "4"]
[White "Micheli, Carlo"]
[Black "Lematschko, Tatjana"]
[Result "1/2-1/2"]
[WhiteElo "2300"]
[BlackElo "2355"]
[PlyCount "112"]
[EventDate "1988.??.??"]
[Source "www.chesslib.no"]
[SourceDate "2004.05.04"]

1. e4 e5 2. Nf3 Nc6 3. Bb5 a6 4. Ba4 Nf6 5. Nc3 d6 6. d3 h6 7. O-O b5 8. Bb3 Bg4 9. Be3 Rb8 10. h3 Bh5 11. Nd5 Be7 12. c3 O-O 13. Qe2 Na5 14. Nxe7+ Qxe7 15. Bd1 c5 16. g4 Nxg4 17. hxg4 Bxg4 18. Qc2 f5 19. exf5 Bh3 20. Nh2 Rxf5 21. Bg4 Bxg4 22. Nxg4 Rbf8 23. f3 h5 24. Nh2 c4 25. d4 Nc6 26. d5 Nb8 27. a4 Qb7 28. axb5 Qxb5 29. Rad1 g6 30. Kh1 Kh7 31. Rg1 Nd7 32. Qg2 Rg8 33. Nf1 h4 34. Nd2 Qxb2 35. Ne4 Qxg2+ 36. Rxg2 Nf6 37. Ng5+ Kg7 38. Rb2 Kh6 39. Rg2 Kh5 40. Kh2 a5 41. Ne4 g5 42. Nxf6+ Rxf6 43. Rdg1 Rf5 44. Rg4 a4 45. Bc1 a3 46. Bxa3 Rxf3 47. Bc1 Rf2+ 48. Kh1 Rf1 49. Rxc4 Rxg1+ 50. Kxg1 Ra8 51. Re4 Ra2 52. c4 Ra4 53. Be3 g4 54. c5 Rxe4 55. cxd6 Rxe3 56. d7 Rg3+ 1/2-1/2

[Event "SWE-chT 9900"]
[Site "?"]
[Date "2000.??.??"]
[Round "6"]
[White "Kinnmark Ove"]
[Black "Furhoff Johan"]
[Result "0-1"]
[WhiteElo "2365"]
[BlackElo "2281"]
[PlyCount "88"]
[EventDate "2000.??.??"]
[Source "www.chesslib.no"]
[SourceDate "2004.05.04"]

1. e4 e5 2. Nf3 Nc6 3. Bb5 a6 4. Ba4 Nf6 5. Nc3 Bc5 6. d3 d6 7. Be3 b5 8. Bb3 Bxe3 9. fxe3 Na5 10. O-O O-O 11. Qe1 Nxb3 12. axb3 Be6 13. h3 Nd7 14. Qg3 f6 15. Nh4 Kh8 16. Kh1 g6 17. d4 Bf7 18. Nf3 Qe7 19. Rae1 c6 20. Nd1 a5 21. Nh2 a4 22. bxa4 Rxa4 23. c3 Bc4 24. Rg1 Ra2 25. Nf3 Bb3 26. Re2 Rfa8 27. Nf2 Bc4 28. Rd2 Ra1 29. Rxa1 Rxa1+ 30. Kh2 Bf7 31. Qh4 g5 32. Qg3 h5 33. Ng1 Bg6 34. Qf3 Nb6 35. b3 Rc1 36. Ne2 Rb1 37. b4 Nc4 38. Ra2 Kg7 39. Ng3 h4 40. Nf5+ Bxf5 41. exf5 exd4 42. exd4 Ne3 43. g4 d5 44. Ra7 Nf1+ 0-1

[Event "Skopje ol (Men)"]
[Site "Skopje MKD"]
[Date "1972.09.30"]
[Round "4.1"]
[White "Sarapu, Ortvin"]
[Black "Ribeiro, Joao-Mario"]
[Result "1-0"]
[WhiteElo "2340"]
[BlackElo "2300"]
[PlyCount "66"]
[EventDate "1972.09.??"]
[Source "www.chesslib.no"]
[SourceDate "2004.05.04"]

1. e4 e5 2. Nf3 Nc6 3. Bb5 a6 4. Ba4 Nf6 5. Nc3 b5 6. Bb3 Be7 7. O-O O-O 8. Nd5 d6 9. Nxe7+ Qxe7 10. c3 Be6 11. Re1 Bxb3 12. axb3 Nd7 13. d4 exd4 14. cxd4 Nb4 15. Bd2 a5 16. Bc3 c5 17. e5 Nb6 18. exd6 Qxd6 19. dxc5 Qxc5 20. Re5 Qc6 21. Nd4 Qg6 22. Nf5 Kh8 23. Rxb5 f6 24. Qd6 N6d5 25. Rxd5 Nxd5 26. Qxd5 Rad8 27. Qf3 Rfe8 28. h4 Qf7 29. Rxa5 Rd7 30. h5 Red8 31. h6 g6 32. Ne3 Rd6 33. Ra8 Kg8 1-0

[Event "Wch U26"]
[Site "Leon"]
[Date "1996.??.??"]
[Round "6"]
[White "Smolovic, Mile"]
[Black "Miguel Lago, Victor"]
[Result "0-1"]
[WhiteElo "2350"]
[BlackElo "2290"]
[PlyCount "110"]
[EventDate "1996.??.??"]
[Source "www.chesslib.no"]
[SourceDate "2004.05.04"]

1. e4 e5 2. Nf3 Nc6 3. Bb5 a6 4. Ba4 Nf6 5. Nc3 d6 6. Bxc6+ bxc6 7. d4 exd4 8. Nxd4 c5 9. Nc6 Qd7 10. Na5 g6 11. Qf3 Ng4 12. e5 Rb8 13. Nd5 Bg7 14. exd6 O-O 15. O-O cxd6 16. Nc6 Rb7 17. Re1 Kh8 18. Nce7 Ne5 19. Qg3 Qg4 20. Nxc8 Rxc8 21. Qxg4 Nxg4 22. Rb1 Bd4 23. Re2 Kg7 24. c3 Nf6 25. Nxf6 Bxf6 26. Bf4 Bxc3 27. Bxd6 Kf6 28. b3 Bd4 29. Rc1 Rc6 30. Bf4 Re6 31. Kf1 Kf5 32. Rxe6 fxe6 33. Bd2 e5 34. Ke2 e4 35. Rc4 Ke5 36. Be1 Kd5 37. Ra4 Rb6 38. Rc4 Rf6 39. Rc2 h5 40. Rc4 Rf5 41. Rc2 Rg5 42. Kf1 Rf5 43. Ke2 g5 44. h3 g4 45. hxg4 hxg4 46. Rc4 g3 47. fxg3 e3 48. Ra4 Rf6 49. Ra5 Ke4 50. g4 Rg6 51. b4 c4 52. g5 c3 53. Kd1 Kd3 54. Rd5 e2+ 55. Kc1 Rxg5 0-1